<?xml version="1.0" encoding="UTF-8"?><?xml-stylesheet type="text/xsl" href="static/style.xsl"?><OAI-PMH xmlns="http://www.openarchives.org/OAI/2.0/" xmlns:xsi="http://www.w3.org/2001/XMLSchema-instance" xsi:schemaLocation="http://www.openarchives.org/OAI/2.0/ http://www.openarchives.org/OAI/2.0/OAI-PMH.xsd"><responseDate>2026-04-29T19:54:04Z</responseDate><request verb="GetRecord" identifier="oai:riubu.ubu.es:10259/7678" metadataPrefix="marc">https://riubu.ubu.es/oai/request</request><GetRecord><record><header><identifier>oai:riubu.ubu.es:10259/7678</identifier><datestamp>2023-05-19T00:05:14Z</datestamp><setSpec>com_10259.4_2498</setSpec><setSpec>com_10259_5086</setSpec><setSpec>com_10259_2604</setSpec><setSpec>col_10259.4_2499</setSpec></header><metadata><record xmlns="http://www.loc.gov/MARC21/slim" xmlns:doc="http://www.lyncode.com/xoai" xmlns:xsi="http://www.w3.org/2001/XMLSchema-instance" xmlns:dcterms="http://purl.org/dc/terms/" xsi:schemaLocation="http://www.loc.gov/MARC21/slim http://www.loc.gov/standards/marcxml/schema/MARC21slim.xsd">
<leader>00925njm 22002777a 4500</leader>
<datafield tag="042" ind1=" " ind2=" ">
<subfield code="a">dc</subfield>
</datafield>
<datafield tag="720" ind1=" " ind2=" ">
<subfield code="a">Chicharro Merayo, María del Mar</subfield>
<subfield code="e">author</subfield>
</datafield>
<datafield tag="720" ind1=" " ind2=" ">
<subfield code="a">Gil Gascón, Fátima</subfield>
<subfield code="e">author</subfield>
</datafield>
<datafield tag="720" ind1=" " ind2=" ">
<subfield code="a">Baptista, Carla</subfield>
<subfield code="e">author</subfield>
</datafield>
<datafield tag="260" ind1=" " ind2=" ">
<subfield code="c">2023-04</subfield>
</datafield>
<datafield tag="520" ind1=" " ind2=" ">
<subfield code="a">This article deals with recent Spanish and Portuguese political television series. Within this sub-genre, it is pertinent to consider the symbolic construction of politics, as well as the differences caused by each series’ geographical adscription. Six Spanish productions have been selected—Isabel (Isabella the Catholic), Carlos Rey Emperador (Charles the Emperor King), La Embajada (The Embassy), Crematorio (Crematorium), Vamos Juan/Venga Juan (Come on, Juan/Let’s go Juan), and El Partido (The Party)—along with three Portuguese productions—A Rainha e a Bastarda (The Queen and the Bastard), Teorias da Conspiração (Conspiracy Theories), and Os Boys (The Boys). The narrative of these audio-visual stories has been examined utilising qualitative content analysis, looking at the plotlines and characters involved. The type of characterisation of politics has been identified by means of the deconstruction of the main characters. The conclusion is that the evaluation is eminently negative, although differential frameworks are present, depending, in particular, on the fiction’s genre, either historical drama, drama-thriller, or comedy.</subfield>
</datafield>
<datafield tag="024" ind2=" " ind1="8">
<subfield code="a">2183-2439</subfield>
</datafield>
<datafield tag="024" ind2=" " ind1="8">
<subfield code="a">http://hdl.handle.net/10259/7678</subfield>
</datafield>
<datafield tag="024" ind2=" " ind1="8">
<subfield code="a">10.17645/mac.v11i2.6319</subfield>
</datafield>
<datafield tag="024" ind2=" " ind1="8">
<subfield code="a">2183-2439</subfield>
</datafield>
<datafield ind1=" " ind2=" " tag="653">
<subfield code="a">Politainment</subfield>
</datafield>
<datafield ind1=" " ind2=" " tag="653">
<subfield code="a">Political fiction</subfield>
</datafield>
<datafield ind1=" " ind2=" " tag="653">
<subfield code="a">Political television series</subfield>
</datafield>
<datafield ind1=" " ind2=" " tag="653">
<subfield code="a">Portugal</subfield>
</datafield>
<datafield ind1=" " ind2=" " tag="653">
<subfield code="a">Spain</subfield>
</datafield>
<datafield tag="245" ind1="0" ind2="0">
<subfield code="a">Spanish-Portuguese Serial Fiction as a Politainment Tool: Representations of Politics on Iberian Television</subfield>
</datafield>
</record></metadata></record></GetRecord></OAI-PMH>